Quiz Title TOP 10 FARTHEST HOME RUNS IN BASEBALL HISTORY - Statistics

General Stats
  • This quiz has been taken 57 times
  • The average score is 7 of 10
Answer Stats
Hint Answer % Correct
Mo Vaughn 505
79%
Jose Canseco 540
75%
Adam Dunn 535
73%
Dave Kingman 530
69%
Mark McGwire 538
67%
Darryl Strawberry 525
65%
Jim Thome 511
63%
Andres Galarraga 529
63%
Reggie Jackson 532
63%
Mark McGwire 523
60%
No matching quizzes found
Score Distribution
Percent of People with Each Score
Percentile by Number Answered
Your Score History
You have not taken this quiz